00249nam a22001097a 4500020001500000082001700015100001700032245004300049250000800092260002400100300001500124 a140203153X a620.1126 GDO aGdoutos, E.E aFracture mechanics , an introduction a2ND aUSAbSPRINGERc2005 aVIII, 369P